000 00459nam a2200169 a 4500
001 2376
005 20180713182349.0
008 140415s1976 000 0 spa d
041 _aspa
082 _a330.1
_bZAM
100 1 _aZAMORA, FRANCISCO
245 1 0 _aINTRODUCCION A LA MICRO Y MACRO DINAMICA ECONOMICA
250 _a3a ed.
260 _a[s.l.] :
_bFONDO DE CULTURA ECONOMICA,
_c1976
300 _a464
650 1 4 _aECONOMIA
_xTEORIAS
999 _c2376
_d2376